Oiseaux Disney/Pixar par Images #3 - Statistiques

Statistiques générales
  • Ce quiz a été pris 62 fois
  • Le résultat moyen est 5 sur 11
Statistiques - réponses
Par images Réponse % Correct
Zazu
90%
Balthazar Picsou
88%
Riri, Fifi et Loulou
58%
Hei Hei
48%
Monsieur Hibou
46%
Les Vautours
42%
Kevin
38%
Amélie et Amélia
37%
Les Pingouins
33%
Orville
12%
Panchito Pistoles
8%
Aucun quiz correspondant
Distribution des résultats
% des personnes avec chaque résultat
Percentile par nombre de réponses
Votre historique - résultats
Vous n’avez pas pris ce quiz